Les 16 pays où la taille moyenne des hommes de 20 à 30 ans dépasse 175 cm - Statistiques

Statistiques générales
  • Ce quiz a été pris 354 fois
  • Le résultat moyen est 11 sur 16
Statistiques - réponses
Taille moyenne Pays % Correct
179.7 France
93%
179.9 Allemagne
86%
179.7 Suède
85%
176.5 Russie
82%
182.5 Pays-Bas
81%
178.1 Canada
80%
176.6 Espagne
79%
177.8 Italie
79%
179.6 Finlande
76%
177.3 Pologne
67%
177.1 États-Unis
65%
179.2 Australie
62%
177.5 Royaume-Uni
55%
177.3 Grèce
46%
181.4 Lettonie
35%
176.9 Israël
8%
Aucun quiz correspondant
Distribution des résultats
% des personnes avec chaque résultat
Percentile par nombre de réponses
Votre historique - résultats
Vous n’avez pas pris ce quiz